Az ESG megjelenése a szállodaiparban a Kempinski Hoteliers példáján keresztül

Bibliográfiai részletek
Szerző: Csernyik Réka
További közreműködők: Debreceni Dr. János
Dokumentumtípus: Diplomadolgozat
Kulcsszavak:ESG
fenntarthatóság
irányítás
Kempinski
rendezvény(ek)
Online Access:http://dolgozattar.uni-bge.hu/59446

MARC

LEADER 00000nta a2200000 i 4500
001 dolg59446
005 20260409145051.0
008 260409suuuu hu om 000 hun d
040 |a BGE Dolgozattár Repozitórium  |b hun 
041 |a hu 
100 1 |a Csernyik Réka 
245 1 3 |a Az ESG megjelenése a szállodaiparban a Kempinski Hoteliers példáján keresztül  |c Csernyik Réka  |h [elektronikus dokumentum] 
520 3 |a Kutatásom célja az ESG (Environmental, Social, Governance) szállodaiparban való jelentőségének feltérképezése, illetve egy azonos szállodalánchoz tartozó két szálloda fenntarthatósági lépéseinek összehasonlítása volt. Dolgozatom során két Kempinski szállodát elemeztem két különböző országban. Az egyik a Tiroli Alpokban található Kempinski Hotel Das Tirol, a másik pedig a budapesti Kempinski Hotel Corvinus.Szakdolgozatom központi hipotézise, hogy a Kempinski Hoteliers szállodái –beleértve az általam kutatott két szállodát – stratégiai döntései és üzleti modellje bizonyítja, hogy az ESG elvek sikeresen beépíthetők a luxus szállodaipar működésébe, amely nemcsak fenntarthatósági előnyökkel jár, hanem versenyelőnyt is biztosít a globális piacon. 
695 |a ESG 
695 |a fenntarthatóság 
695 |a irányítás 
695 |a Kempinski 
695 |a rendezvény(ek) 
700 1 |a Debreceni Dr. János  |e ths 
856 4 0 |u http://dolgozattar.uni-bge.hu/59446/1/szakdolgozat_Csernyik_R%C3%A9ka.pdf  |z Dokumentum-elérés 
856 4 0 |u http://dolgozattar.uni-bge.hu/59446/2/250511_CsernyikR%C3%A9ka_B%C3%ADr%C3%A1lat_bels%C5%91.pdf  |z Dokumentum-elérés 
856 4 0 |u http://dolgozattar.uni-bge.hu/59446/3/Szakdolgozat%20b%C3%ADr%C3%A1lati%20lap%20Csernyik%20R%C3%A9ka%20opponens%20K%C3%B3r%C3%B3di%20M%C3%A1rta.pdf  |z Dokumentum-elérés